Cambio, continuidad y azar: carácter de la revolución industrial inglesa
Сохранить в:
| Главный автор: | |
|---|---|
| Формат: | |
| Язык: | испанский |
| Опубликовано: |
Barcelona
Crítica
1993
|
| Серии: | Historia del Mundo Moderno
|
| Предметы: | |
| Метки: |
Добавить метку
Нет меток, Требуется 1-ая метка записи!
|
MARC
| LEADER | 00000nam a2200000 a 4500 | ||
|---|---|---|---|
| 001 | UCN8758 | ||
| 003 | CL-VaPUC | ||
| 008 | 011116e19930000SP |||||||||||||||||spa|d | ||
| 082 | 0 | 4 | |a 941.081 |b WRI |2 21 |
| 100 | 0 | |a Wrigley, Edward Anthony |e author |9 465224 | |
| 245 | 1 | 0 | |a Cambio, continuidad y azar: carácter de la revolución industrial inglesa |
| 300 | |a 180 p | ||
| 942 | |c BK | ||
| 945 | |d 20011116 00:00:00 |a crobeson | ||
| 260 | |a Barcelona |b Crítica |c 1993 | ||
| 650 | 7 | |a HISTORIA DE INGLATERRA - SIGLO 19 |2 CL-VaPUC |9 420874 | |
| 650 | 0 | |a Revolución industrial |9 309422 | |
| 650 | 7 | |a CONDICIONES ECONOMICAS - SIGLO 19 |2 CL-VaPUC |9 314904 | |
| 651 | 0 | |a Inglaterra |9 255158 | |
| 583 | |a last modification |c 20011116 00:00:00 |k Rodrigo Vera | ||
| 490 | 0 | |a Historia del Mundo Moderno | |
| 999 | |c 298511 |d 298509 | ||
| 952 | |0 0 |1 0 |4 0 |6 941_081000000000000_WRI_1993 |7 0 |8 A |9 354131 |a BIBHIS |b BIBHIS |d 2019-11-21 |i 3765113 |l 1 |m 1 |o 941.081 WRI 1993 |p 3765113 |r 2025-01-20 |s 2024-03-19 |w 2019-11-21 |y BK |k HIS | ||